000 00322nam a2200121Ia 4500
008 240731s9999 xx 000 0 und d
022 _a1469-9508
245 0 _aJournal of Higher Education Policy and Management
260 _bRoutledge
856 _uhttps://www.tandfonline.com/loi/cjhe20
942 _2ddc
942 _cTFEJ
999 _c77792
_d77792
945 _a1
_bMadushi Gamage
_c1
_dMadushi Gamage